Shape analysis and classification: theory and practice
Na minha lista:
| Principais autores: | , |
|---|---|
| Formato: | Livro |
| Idioma: | inglês |
| Publicado em: |
Boca Ratón
CRC
2001
|
| Edição: | 1a. ed |
| coleção: | Image Processing Series
|
| Assuntos: | |
| Tags: |
Adicionar Tag
Sem tags, seja o primeiro a adicionar uma tag!
|
MARC
| LEADER | 00000nam a2200000 a 4500 | ||
|---|---|---|---|
| 001 | UCI6871 | ||
| 003 | CL-VaPUC | ||
| 008 | 080530e20010000US |||||||||||||||||eng|d | ||
| 020 | |a 0849334934 | ||
| 020 | |a 9780849334931 | ||
| 082 | 0 | 4 | |a 621.367 |b FON |2 21 |
| 100 | 0 | |a Fontoura Costa, Luciano da |e author |9 529911 | |
| 700 | 0 | |a Marcondes Cesar, Roberto |e author |9 529912 | |
| 245 | 1 | 0 | |a Shape analysis and classification: theory and practice |
| 250 | |a 1a. ed | ||
| 300 | |a 659 p | ||
| 942 | |c BK | ||
| 945 | |d 20080530 00:00:00 |a cmena | ||
| 260 | |a Boca Ratón |b CRC |c 2001 | ||
| 650 | 0 | |a Procesamiento de imágenes |9 316062 | |
| 650 | 0 | |a Aplicaciones del computador |9 529913 | |
| 650 | 7 | |a IMAGENES DIGITALES |2 CL-VaPUC |9 472921 | |
| 650 | 0 | |a Electromagnetismo |9 260123 | |
| 583 | |a last modification |c 20080530 00:00:00 |k Rodrigo Vera | ||
| 490 | 0 | |a Image Processing Series | |
| 999 | |c 330317 |d 330315 | ||
| 952 | |0 0 |1 0 |4 0 |6 621_367000000000000_FON_2001 |7 0 |8 A |9 415814 |a BIBGIM |b BIBGIM |d 2019-11-22 |i 4445066 |o 621.367 FON 2001 |p 4445066 |r 2025-01-15 |w 2019-11-22 |y BK |k EST | ||